Solutions Manual for Physical Chemistry /

Salvato in:
Dettagli Bibliografici
Autori principali: Atkins, Peter William (Autore), Trapp, Charles A (Autore)
Natura: Libro
Lingua:inglese
Pubblicazione: Oxford : Oxford University Press, 1994
Edizione:5.Edition
Tags: Aggiungi Tag
Nessun Tag, puoi essere il primo ad aggiungerne!!

MARC

LEADER 00000nam a22000003a 4500
001 stu22932
005 20150617225747.0
008 941202s1994----uk------------------eng-d
020 |a 0-19-855732-9 
040 |a STU  |b slo 
041 0 |a eng 
044 |a uk 
080 |a 541.1 
100 1 |a Atkins, Peter William  |4 aut 
245 1 |a Solutions Manual for Physical Chemistry /  |c [aut.]Atkins,Peter W., Trapp,Charles A 
250 |a 5.Edition 
260 |a Oxford :  |b Oxford University Press,  |c 1994 
300 |a 715 s :  |b Tab.,grafy 
700 1 |a Trapp, Charles A  |4 aut 
996 |b C93342  |c C*93342  |l CCV  |s P  |a 0  |w stu22932_0001